000 01145nam a2200253 a 4500
003 OSt
005 20150408114042.0
008 120606s2012 le g b 000 0 ara d
020 _a9786144012529
040 _aعمادة شؤون المكتبات في جامعة المجمعة
082 0 4 _221
_a214.341481
_b214.341481 إ ا أ
100 1 _aالعبادي، أسامة ناظم سعدون.
_915544
245 1 2 _aالإسلام والإعلان العالمي لحقوق الإنسان :
_bدراسة مقارنة /
_cتأليف أسامة ناظم سعدون العبادي.
246 3 0 _aالإعلان العالمي لحقوق الإنسان
246 3 0 _aحقوق الإنسان
250 _aط. 1.
260 _aبيروت :
_bمنشورات الحلبي الحقوقية،
_c2012
_m[1433]
300 _a294 ص. ؛
_c24 سم.
504 _aببليوجرافية : ص. 273-290.
630 0 2 _2aucut
_aالإعلان العالمي لحقوق الإنسان
_915545
650 7 _2aucsh
_aحقوق الإنسان (قانون دولي)
_915540
650 7 _2aucsh
_aالإسلام وحقوق الإنسان
_915541
942 _2ddc
_cBOOK
999 _c23966
_d258466